|
|
|
|
| LEADER |
01772nam a2200397Ia 4500 |
| 001 |
36768 |
| 003 |
BD-DhAAL |
| 005 |
20191209115734.0 |
| 008 |
191209t2002 mau b 000 0 eng d |
| 999 |
|
|
|c 42023
|d 42023
|
| 020 |
|
|
|a 0962054542
|
| 029 |
1 |
|
|a YDXCP
|b 2145791
|
| 035 |
|
|
|a (OCoLC)51390190
|
| 040 |
|
|
|a MBB
|c MBB
|d YDXCP
|d MYG
|d BD-DhAAL
|
| 049 |
|
|
|a MYGG
|
| 082 |
|
|
|a 363.7
|
| 090 |
|
|
|a JA75.8.I59 2002
|
| 245 |
0 |
0 |
|a International green politics /
|c edited by Sabine Von Mering and Sarah Halpern-Meekin.
|
| 260 |
|
|
|a Waltham, Mass. :
|b Brandeis University,
|c 2002.
|
| 300 |
|
|
|a 115 pages ;
|c 18 cm.
|
| 500 |
|
|
|a Selection of articles from the International Conference on Green Politics, November, 2001 hosted by the Center for German and European Studies, Brandeis University and the Heinrich Bl̲l Foundation, Washington D.C.
|
| 504 |
|
|
|a Includes bibliographical references.
|
| 526 |
|
|
|a ESS
|
| 541 |
|
|
|a Complimentary copy from Professor Dr. Nasreen Khundker
|e 36768
|
| 650 |
|
0 |
|a Environmental policy.
|9 38123
|
| 650 |
|
0 |
|a Environmental policy
|x International cooperation.
|9 38124
|
| 650 |
|
0 |
|a Environmental protection
|x International cooperation.
|9 38125
|
| 650 |
|
0 |
|a Green movement.
|9 38126
|
| 650 |
|
0 |
|a Political ecology.
|9 38127
|
| 700 |
1 |
|
|a Von Mering, Sabine.
|9 38128
|
| 700 |
1 |
|
|a Halpern-Meekin, Sarah.
|9 38129
|
| 710 |
2 |
|
|a Brandeis University.
|b Center for German and European Studies.
|9 38130
|
| 710 |
2 |
|
|a Heinrich Bl̲l Foundation (Washington, D.C.)
|9 38131
|
| 852 |
|
|
|a Ayesha Abed Library
|c General Stacks
|
| 942 |
|
|
|2 ddc
|c BK
|
| 952 |
|
|
|0 0
|1 0
|2 ddc
|4 0
|6 363_700000000000000_INT
|7 0
|9 67400
|a BRACUL
|b BRACUL
|c GEN
|d 2019-12-09
|e Complimentary copy from Professor Dr. Nasreen Khundker
|l 0
|o 363.7 INT
|p 3010036768
|r 2019-12-09
|t 1
|w 2019-12-09
|y BK
|